The Last Dance of Rationality/ (Record no. 206150)
[ view plain ]
| 000 -LEADER | |
|---|---|
| fixed length control field | 00626nam a22001937a 4500 |
| 005 - DATE AND TIME OF LATEST TRANSACTION | |
| control field | 20241007161404.0 |
| 010 ## - LCCN (DPL NO) | |
| LC control number | ENG-141941 |
| 020 ## - INTERNATIONAL STANDARD BOOK NUMBER | |
| Terms of availability | 799.00 |
| International Standard Book Number | 9789357312752 |
| 035 ## - SYSTEM CONTROL NUMBER | |
| System control number | EN-125473 |
| 037 ## - SOURCE OF ACQUISITION | |
| Source of stock number/acquisition | DBAD |
| 082 ## - DEWEY DECIMAL CLASSIFICATION NUMBER | |
| Classification number | 362.1962414 |
| 100 ## - MAIN ENTRY--PERSONAL NAME | |
| Personal name | Prasad, Rohit |
| 245 ## - TITLE STATEMENT | |
| Title | The Last Dance of Rationality/ |
| Statement of responsibility, etc | By Rohit Prasad |
| 260 ## - PUBLICATION, DISTRIBUTION, ETC. (IMPRINT) | |
| Place of publication, distribution, etc | Gurugram |
| Name of publisher, distributor, etc | Hachette Book Publishing |
| Date of publication, distribution, etc | 2023 |
| 270 ## - ADDRESS | |
| Address | 4th and 5th Floors, Corporate Centre, Plot No.94 |
| City | Gurugram |
| Postal code | 122003 |
| 300 ## - PHYSICAL DESCRIPTION | |
| Extent | xxiv,328p. |
| Dimensions | 21cm(hb) |
| 500 ## - GENERAL NOTE | |
| General note | Making Sense of an Unravelling World Order |
| 942 ## - ADDED ENTRY ELEMENTS (KOHA) | |
| Source of classification or shelving scheme | Dewey Decimal Classification |
| Item type | Children Books |
| Classification part | 362.1962414 |
| Call number suffix | PRA |
| Withdrawn status | Lost status | Not for loan | Collection code | Home library | Current library | Date acquired | Source of acquisition | Cost, normal purchase price | Full call number | Barcode | Copy number | Cost, replacement price | Koha item type |
|---|---|---|---|---|---|---|---|---|---|---|---|---|---|
| Not For Loan | Non-fiction | D.B.Act.Division | D.B.Act.Division | 07/10/2024 | Delivery of Books Act Division | 799.00 | 362.1962414 PRA | EN-125473 | 1 | 799.00 | Children Books |
